01817cam a2200229 i 450000500170000000800410001701000170005802000180007504000500009304100080014310000230015124501140017430000460028849000390033450506400037352002920101365000200130565000700132565000580139565000600145365000740151320171212184932.0171212s2014 xxuab rb 001 0 eng d a 2014011203 a9780674417144 aCO-BoUCMbspacSandra PalaciodSandra Palacio0 aeng1 aLee, Sukheed1971-10aNegotiated powerbthe state, elites, and local governance in twelfth- to fourteenth-century ChinacSukhee Lee axiii, 347 páginasbilustraciones, mapas0 aHarvard East Asian monographsv3710 aList of maps, tables, and figures -- Introduction -- Elites, locality, and the state -- Local governance in southern Song Mingzhou -- Cooperation and tension : revisiting local activism -- The Yuan transformation : the state and elites under alien rule -- Appendix 1: Burial site in a county different from county of residence -- Appendix 2: Translocal marriages in southern Song and Yuan mingzhou -- Appendix 3: Extant biographical sources for officials who served in southern Song Mingzhou -- Appendix 4: Maintenance of official schools in southern Song Mingzhou -- Inscriptions on official schools in Yuan Mingzhou -- Abbreviations.2 a"Posits an alternative understanding of the relationship between the state and social elites in the middle period of Chinese imperial history. The book shows in vivid detail how state power and local elite interests were mutually constitutive and reinforcing"--Provided by the publisher.17aPoderxHistoria27aNegociación xAspectos políticoszChinazNingbo ShixHistoria27aPoder (Cencias sociales)zChinazNingbo ShixHistoria27aElite (Ciencias sociales) zChinazNingbo ShixHistoria27aEstructura social xAspectos políticoszChinazNingbo ShixHistoria